000 00372nam a22001577a 4500
003 SGT
020 _a938426612-4
082 _a615.1
_bRAO
100 _aRAO, DR. G. DEVALA
245 _aPHARMACEUTICAL INORGANIC CHEMISTRY
250 _a2ND
260 _aINDIA
_bBIRLA PUB.
_c2024
300 _a201
650 _aPHARMACEUTICAL INORGANIC CHEMISTRY
942 _2ddc
_cBK
999 _c32946
_d32946